Literatura española, argentina e hispanoamericana /
Guardado en:
| Autor Principal: | |
|---|---|
| Formato: | Libro |
| Publicado: |
Buenos Aires :
Luis Lasserre,
1974
|
| Edición: | 5a. ed. |
| Etiquetas: |
Agregar Etiqueta
Sin Etiquetas, Sea el primero en etiquetar este registro!
|
| LEADER | 00462nam a22001575a 4500 | ||
|---|---|---|---|
| 001 | CEM.cems001005 | ||
| 005 | 20060213000000.0 | ||
| 008 | 130507s1974##################000#0#####d | ||
| 003 | CEMS | ||
| 082 | 0 | 4 | |a 860.9 |
| 100 | 1 | |a Berenguer Carisomo, Arturo | |
| 245 | 1 | 0 | |a Literatura española, argentina e hispanoamericana / |
| 250 | |a 5a. ed. | ||
| 260 | |a Buenos Aires : |b Luis Lasserre, |c 1974 | ||
| 300 | |a 457 p. | ||
| 859 | |a CEMS |b BIB. CEMS - 11 de abril |h 860.9 |i B425a5 |p 6488.78 |t Ej.1 | ||
